00638nam a2200205 i 450000100060000000300090000600500170001500700030003200800410003502000220007608000250009810000270012324500920015025000120024226000480025430000290030265000260033170000220035785200530037934045ES-MaACL20231114123436.0t|150216s2014 bl a ||||1| por d a978-85-89269-69-8 a821.134.3(81)-34"19"1 aLeal, Andreia Donadon.13aOs quatro meninos b: contos / cAndreia Donandon Leal ; ilustraçoes Mário DonLeal. a1ª ed. aMariana : bAldrava Letras e Artes, c2014. a50 p. : bil. ; c22 cm. 4aCuentos brasileños.1 aDonLeal, Mário. aES-MaACLjA-13369bR.150128cDEPO1dOlim: N-6369